Văn hóa và thời đại : Tập các bài tổng quan thông tin - nghiên cứu

Sách giới thiệu bốn bài tổng quan thông tin - nghiên cứu liên quan đến bốn vấn đề trong những vấn đề quan trọng nhất thuộc phạm trù văn hóa của thời đại ngày nay.

में बचाया:
ग्रंथसूची विवरण
मुख्य लेखक: Nguyễn, Chí Tình
स्वरूप: पुस्तक
भाषा:Undetermined
प्रकाशित: Hà Nội Khoa học - Xã hội 2009
विषय:
टैग : टैग जोड़ें
कोई टैग नहीं, इस रिकॉर्ड को टैग करने वाले पहले व्यक्ति बनें!
Thư viện lưu trữ: Trung tâm Học liệu Trường Đại học Cần Thơ
LEADER 00880nam a2200217Ia 4500
001 CTU_175829
008 210402s9999 xx 000 0 und d
020 |c 55000 
082 |a 306 
082 |b T312 
100 |a Nguyễn, Chí Tình 
245 0 |a Văn hóa và thời đại : 
245 0 |b Tập các bài tổng quan thông tin - nghiên cứu 
245 0 |c Nguyễn Chí Tình 
260 |a Hà Nội 
260 |b Khoa học - Xã hội 
260 |c 2009 
520 |a Sách giới thiệu bốn bài tổng quan thông tin - nghiên cứu liên quan đến bốn vấn đề trong những vấn đề quan trọng nhất thuộc phạm trù văn hóa của thời đại ngày nay. 
650 |a Culture,Văn hóa 
904 |i Hải 
980 |a Trung tâm Học liệu Trường Đại học Cần Thơ